[Event "Hafnarfjordur op"]
[Site "Hafnarfjordur"]
[Date "1996.??.??"]
[Round "3"]
[White "Bjarnason, Saevar"]
[Black "Martin, Andrew D"]
[Result "1/2-1/2"]
[WhiteElo "2285"]
[BlackElo "2425"]

1.d4 Nf6 2.Nf3 e6 3.c4 Bb4+ 4.Bd2 Qe7 5.g3 Nc6 6.Bg2 Bxd2+ 7.Qxd2 Ne4 8.Qc2 Qb4+
9.Nbd2 Nxd2 10.Qxd2 Qxc4 11.O-O Qb4 12.Qd3 Qe7 13.Rac1 O-O 14.a3 d6 15.b4 Nd8
16.e4 c6 17.Nd2 Bd7 18.Rfe1 f6 19.Qb3 Nf7 20.Nc4 e5 21.dxe5 fxe5 22.a4 Be6
23.b5 Kh8 24.Qa3 Rac8 25.bxc6 bxc6 26.Red1 Bxc4 27.Rxc4 c5 28.Qd3 Rb8 29.h4 Rb2
30.Bh3 Rfb8 31.Qd5 Qf6 32.Rf1 g5 33.hxg5 Nxg5 34.Bg4 Rf8 35.Bf5 Nf3+ 36.Kg2 Nh4+
37.Kh1 Nxf5 38.exf5 Qxf5 39.Qxd6 Rb6 40.Qxc5 Rbf6 41.Rh4 R8f7 42.Qe3 Qf3+  1/2-1/2

[Event "Hafnarfjordur op"]
[Site "Hafnarfjordur"]
[Date "1996.??.??"]
[Round "4"]
[White "Engqvist, Thomas"]
[Black "Vidarsson, Jon G"]
[Result "1/2-1/2"]
[WhiteElo "2375"]
[BlackElo "2360"]

1.d4 Nf6 2.Nf3 e6 3.c4 Bb4+ 4.Bd2 Qe7 5.g3 b6 6.Bg2 Bb7 7.O-O Bxd2 8.Qxd2 O-O
9.Nc3 Ne4 10.Qd3 Nxc3 11.Qxc3 Be4 12.Rfd1 d6 13.Rac1 Nd7 14.Qe3 Nf6 15.c5 h6
16.Ne1 Bxg2 17.Kxg2 dxc5 18.dxc5 Rad8 19.Nd3 Qd7 20.b3 Qd5+ 21.Qf3 a5 22.Nb2 Qe5
23.Nd3 Qd5 24.cxb6 cxb6 25.Nb2 Qb5 26.a4 Qb4 27.Qc3 Qe4+ 28.Qf3 Qb4 29.Nc4 b5
30.axb5 Qxb5 31.Rxd8 Rxd8 32.Ra1 Rb8 33.Rxa5 Qxb3 34.Qxb3 Rxb3 35.Ra8+ Kh7
36.Ne5 Ne4 37.Nxf7 Rb2 38.Rh8+ Kg6 39.Ne5+ Kf6 40.Ng4+ Kg5 41.Ne3 Nc3 42.f4+ Kg6
43.Nc4 Rxe2+ 44.Kf3 Rxh2 45.Ne5+ Kh5 46.g4+ Kh4 47.Ng6+ Kh3 48.g5 Rg2 49.gxh6 Rg3+
50.Kf2 Ne4+ 51.Kf1 gxh6 52.Ne5 Ra3 53.Rxh6+ Kg3 54.Rxe6 Kxf4 55.Ng6+  1/2-1/2

[Event "Hafnarfjordur op"]
[Site "Hafnarfjordur"]
[Date "1996.??.??"]
[Round "5"]
[White "Edvardsson, Kristjan"]
[Black "Dunnington, Angus J"]
[Result "0-1"]
[WhiteElo "2200"]
[BlackElo "2450"]

1.d4 Nf6 2.c4 e6 3.Nf3 Bb4+ 4.Bd2 a5 5.Bxb4 axb4 6.g3 O-O 7.Bg2 d6 8.Qb3 c5
9.O-O Nc6 10.Rd1 Qe7 11.dxc5 dxc5 12.Nbd2 e5 13.e3 h6 14.e4 Rd8 15.a3 Bg4
16.Re1 bxa3 17.Rxa3 Rxa3 18.bxa3 Nd4 19.Qc3 Qd6 20.Qb2 Rd7 21.h3 Be6 22.Qc3 Rd8
23.Kh2 Bd7 24.Nf1 Bc6 25.N3d2 Ne6 26.Re3 Qd4 27.Qa5 Qd6 28.f3 Qc7 29.Nb3 b6
30.Qc3 Nd4 31.Rd3 Nxb3 32.Rxd8+ Qxd8 33.Qxb3 Nd7 34.Ne3 Nf8 35.Nd5 Nd7 36.h4 Bxd5
37.exd5 Nf6 38.Qb5 Ne8 39.Qc6 Kf8 40.Bh3 Qc7 41.Qa8 Ke7 42.Bf1 Nd6 43.Be2 e4
44.f4 Qc8 45.Qa7+ Qb7 46.Qa4 Qd7 47.Qb3 Qa7 48.Qb2 f6 49.Kg2 Qa5 50.Kf1 Nf5
51.g4 Nd4 52.Qb1 Qxa3 53.Qxe4+ Kd7 54.Bd3 Qc1+ 55.Kg2 Qd2+ 56.Kg3 Qc1 57.Kf2 Qd2+
58.Kg3 Qd1 59.Qe3 h5 60.gxh5 Qxh5 61.Be4 Kd6 62.Bd3 Qd1 63.f5 Kd7 64.Kh3 Qf3+
65.Qxf3 Nxf3 66.Kg3 Ne5 67.Be2 Kd6 68.Kf4 b5 69.cxb5 Kxd5 70.Bd1 Nd7 71.h5 c4
72.h6 gxh6 73.Kg4 Kc5 74.Kh5 Kxb5 75.Kxh6 Kc5 76.Kg7 Kd6 77.Kg6 Ke5  0-1

[Event "Hafnarfjordur op"]
[Site "Hafnarfjordur"]
[Date "1996.??.??"]
[Round "6"]
[White "Engqvist, Thomas"]
[Black "Karason, Askell O"]
[Result "1/2-1/2"]
[WhiteElo "2375"]
[BlackElo "2245"]

1.d4 Nf6 2.Nf3 e6 3.c4 Bb4+ 4.Bd2 Qe7 5.g3 Nc6 6.Bg2 Bxd2+ 7.Nbxd2 d6 8.O-O a5
9.e4 O-O 10.h3 e5 11.d5 Nb4 12.a3 Na6 13.b4 Bd7 14.Qb3 c6 15.Rac1 cxd5 16.cxd5 axb4
17.axb4 Bb5 18.Rfe1 Rfc8 19.Nc4 Bxc4 20.Rxc4 Rxc4 21.Qxc4 Qe8 22.Rc1 Qa4
23.Ne1 Nd7 24.Nd3 Kf8 25.h4 Nb6 26.Qc2 Qxc2 27.Rxc2 Rc8 28.Rxc8+ Nxc8 29.Bh3 Nb6
30.f4 f6 31.Kf2 Ke7 32.Ke2 Nc7 33.Nc1 exf4 34.gxf4 g6 35.Nd3 Nb5 36.Kf2 f5
37.exf5 Nxd5 38.fxg6 hxg6 39.f5 gxf5 40.Bxf5 Kf6 41.Bc8 b6 42.Kf3 Nbc3 43.Bb7 Ne7
44.Kg4  1/2-1/2

[Event "Hafnarfjordur op"]
[Site "Hafnarfjordur"]
[Date "1996.??.??"]
[Round "7"]
[White "Turner, Matthew"]
[Black "Vidarsson, Jon G"]
[Result "1/2-1/2"]
[WhiteElo "2425"]
[BlackElo "2360"]

1.d4 Nf6 2.c4 e6 3.Nf3 Bb4+ 4.Bd2 Qe7 5.g3 O-O 6.Bg2 d5 7.O-O Bxd2 8.Qxd2 c6
9.Nc3 Nbd7 10.Qc2 dxc4 11.e4 e5 12.dxe5 Nxe5 13.Nxe5 Qxe5 14.f4 Qc5+ 15.Qf2 Qxf2+
16.Rxf2 Rd8 17.e5 Nd5 18.Rd2  1/2-1/2

[Event "Hamburg HSK-B"]
[Site "Hamburg"]
[Date "1996.??.??"]
[Round "6"]
[White "Hegeler, Frank"]
[Black "Gustafsson, Jan"]
[Result "1/2-1/2"]
[WhiteElo "2285"]
[BlackElo "2340"]

1.d4 Nf6 2.Nf3 e6 3.c4 Bb4+ 4.Bd2 Qe7 5.g3 Nc6 6.Nc3 Bxc3 7.Bxc3 Ne4 8.Qc2 Nxc3
9.Qxc3 Qb4 10.Qxb4 Nxb4 11.Kd2 d6 12.a3 Nc6 13.b4 e5 14.dxe5 dxe5 15.e3 Bg4
16.Bg2 f6 17.Kc3 Rd8 18.Nd2 Bf5 19.Bxc6+ bxc6 20.e4 Be6 21.Nb3 Bg4 22.Rhe1 O-O
23.Ra2 f5 24.Rd2 Rxd2 25.Nxd2 fxe4 26.Rxe4 h5 27.f3 Bxf3 28.Rxe5 Bd1  1/2-1/2

[Event "Helsinki-ch "]
[Site "Helsinki"]
[Date "1996.??.??"]
[Round "?"]
[White "Norri, Joose"]
[Black "Kokkila, Tero"]
[Result "1-0"]
[WhiteElo "2365"]
[BlackElo "2210"]

1.d4 Nf6 2.c4 e6 3.Nf3 Bb4+ 4.Bd2 Qe7 5.g3 Nc6 6.Nc3 O-O 7.Bg2 Bxc3 8.Bxc3 Ne4
9.Rc1 d6 10.d5 Nd8 11.O-O e5 12.Nd2 Nxc3 13.Rxc3 b6 14.b4 a5 15.a3 Bg4 16.h3 Bh5
17.Re1 f5 18.Qc2 Bg6 19.f4 exf4 20.gxf4 Qh4 21.Rf1 axb4 22.axb4 Re8 23.e3 Qf6
24.Rc1 Nf7 25.Nf3 Bh5 26.Nd4 Nh6 27.c5 Rxe3 28.Rxe3 Qxd4 29.Qc3 Qxf4 30.cxb6 cxb6
31.Re7  1-0

[Event "FIN-ch"]
[Site "Helsinki"]
[Date "1996.??.??"]
[Round "2"]
[White "Yrjola, Jouni"]
[Black "Jouhki, Yrjo Markus"]
[Result "1-0"]
[WhiteElo "2460"]
[BlackElo "2245"]

1.d4 Nf6 2.c4 e6 3.Nf3 Bb4+ 4.Bd2 Qe7 5.g3 Nc6 6.Nc3 O-O 7.Bg2 d6 8.d5 Nd8
9.Nd4 exd5 10.Nxd5 Nxd5 11.cxd5 Bc5 12.Bc3 Bd7 13.O-O a5 14.Qd2 b5 15.a3 a4
16.Rae1 Ba7 17.e4 f6 18.Kh1 Nf7 19.f4 Bxd4 20.Qxd4 c5 21.dxc6 Bxc6 22.g4 Qa7
23.Rc1 Qxd4 24.Bxd4 Rac8 25.Kg1 Rfe8 26.g5 fxg5 27.Bh3 Rc7 28.Bb6 Bd7 29.Rxc7 Bxh3
30.Rf3 Bg4 31.Rg3 h5 32.fxg5 Nxg5 33.Re3 Rf8 34.Kg2 h4 35.Re7 Bf3+ 36.Kf2 Bxe4+
37.Ke2 d5 38.Rc3 Nh3 39.Rxh3  1-0

[Event "FIN-ch"]
[Site "Helsinki"]
[Date "1996.??.??"]
[Round "3"]
[White "Lassila, Erkki"]
[Black "Pulkkinen, Kari"]
[Result "1/2-1/2"]
[WhiteElo "2190"]
[BlackElo "2345"]

1.d4 Nf6 2.c4 e6 3.Nf3 Bb4+ 4.Bd2 c5 5.Bxb4 cxb4 6.e3 O-O 7.a3 bxa3 8.Rxa3 d6
9.Nc3 Nc6 10.Be2 e5 11.O-O a5 12.Qb1 Bg4 13.Rd1 Qe7 14.Nd5 Nxd5 15.cxd5 e4
16.dxc6 exf3 17.gxf3 Bh3 18.f4 bxc6 19.Bf3 d5 20.Rc1 Qd7 21.Qc2 Bf5 22.Qd2 Be4
23.Bxe4 dxe4 24.Rxa5 Qg4+ 25.Kf1 Qh3+ 26.Kg1 Qg4+  1/2-1/2

[Event "Hlohovec op"]
[Site "Hlohovec"]
[Date "1996.??.??"]
[Round "2"]
[White "Vokac, Marek"]
[Black "Saljova, Silvie"]
[Result "1/2-1/2"]
[WhiteElo "2455"]
[BlackElo "2235"]

1.d4 Nf6 2.Nf3 e6 3.c4 Bb4+ 4.Bd2 Qe7 5.g3 O-O 6.Bg2 Bxd2+ 7.Nbxd2 d6 8.O-O e5
9.e4 a5 10.Re1 Nc6 11.d5 Nb8 12.Nb1 Bg4 13.h3 Bd7 14.Nc3 Na6 15.Qd2 Nc5 16.Rad1 Rfd8
17.Nh4 g6 18.Kh2 Nh5 19.Qh6 Qf8 20.Qe3 Qe7 21.Qh6  1/2-1/2

[Event "NLD-chT9697"]
[Site "Holland"]
[Date "1996.??.??"]
[Round "?"]
[White "De Waal, Mark"]
[Black "Scholl, Eduard C"]
[Result "0-1"]
[WhiteElo "2290"]
[BlackElo "2385"]

1.d4 Nf6 2.c4 e6 3.Nf3 Bb4+ 4.Bd2 a5 5.e3 O-O 6.Nc3 d6 7.Qc2 Nc6 8.Bd3 e5
9.d5 Bxc3 10.Bxc3 Nb4 11.Bxb4 axb4 12.O-O g6 13.Nd2 Nd7 14.f4 Nc5 15.Nb3 Nxd3
16.Qxd3 Qe7 17.Qd2 Ra4 18.e4 exf4 19.Qxf4 Bd7 20.Nc1 b3 21.Nxb3 Rxc4 22.Nd2 Rb4
23.b3 Bb5 24.Rf3 Rd4 25.Re1 Re8 26.Rc3 Rxd5 27.Rec1 Rc5 28.Rxc5 dxc5 29.b4 c4
30.Nxc4 Bc6 31.Na5 Qxb4 32.Nxc6 bxc6 33.Rxc6 Rxe4  0-1

[Event "HUN-chT2 9596"]
[Site "HUN"]
[Date "1996.??.??"]
[Round "8"]
[White "Pinter, Jozsef"]
[Black "Istvandi, Lajos"]
[Result "1-0"]
[WhiteElo "2555"]
[BlackElo "2335"]

1.d4 Nf6 2.c4 e6 3.Nf3 Bb4+ 4.Bd2 Qe7 5.g3 Bxd2+ 6.Qxd2 d5 7.Qc2 O-O 8.Bg2 Rd8
9.O-O Nc6 10.cxd5 exd5 11.Nc3 Bg4 12.e3 Bh5 13.Nh4 Qd7 14.Rac1 Nb4 15.Qd2 Na6
16.b4 Nxb4 17.Rb1 c5 18.dxc5 Na6 19.Qd4 Rac8 20.Na4 b5 21.Nc3 Rxc5 22.Rfc1 Rc4
23.Qd2 Nc7 24.Bf1 Rc5 25.Nxb5 Rxb5 26.Bxb5 Nxb5 27.Qa5 a6 28.Qxa6 Be2 29.Qc6 Qg4
30.f3 Qd7 31.Qxd7 Nxd7 32.Rb2 Bd3 33.Rd2 Bc4 34.e4 Nf6 35.Rxc4  1-0

[Event "HUN-chT1 9596"]
[Site "HUN"]
[Date "1996.??.??"]
[Round "10"]
[White "Halasz, Tamas"]
[Black "Horvath, Sandor"]
[Result "1/2-1/2"]
[WhiteElo "2365"]
[BlackElo "2300"]

1.d4 Nf6 2.Nf3 e6 3.c4 Bb4+ 4.Bd2 Qe7 5.g3 Bxd2+ 6.Nbxd2 d6 7.Bg2 a5 8.O-O O-O
9.Qc2 e5 10.e3 Nc6 11.d5 Nb8 12.e4 Bg4 13.Nh4 g6 14.Qc3 Nh5 15.b3 Bd7 16.Rae1 Ng7
17.Qe3  1/2-1/2

[Event "HUN-chT1 9596"]
[Site "HUN"]
[Date "1996.??.??"]
[Round "11"]
[White "Lengyel, Levente"]
[Black "Horvath, Peter"]
[Result "0-1"]
[WhiteElo "2365"]
[BlackElo "2365"]

1.d4 Nf6 2.Nf3 e6 3.c4 Bb4+ 4.Bd2 Qe7 5.g3 Nc6 6.Nc3 O-O 7.Bg2 d6 8.d5 Nb8
9.dxe6 fxe6 10.O-O a5 11.Qc2 Nbd7 12.Na4 c6 13.Rac1 d5 14.c5 Bxd2 15.Nxd2 Ra6
16.Qb3 Kh8 17.e4 dxe4 18.Nxe4 Nxe4 19.Bxe4 Nf6 20.Bg2 e5 21.Nb6 Be6 22.Qc3 Bd5
23.Rce1 Re8 24.Qa3 e4 25.Qc3 h5 26.b3 h4 27.Qd4 Qe6 28.Qe3 Qf5 29.h3 Qe5
30.g4 Qe6 31.f4 Nd7 32.Nxd7 Qxd7 33.Qf2 Qe7 34.g5 Kg8 35.Kh1 a4 36.Qxh4 g6
37.Qg3 axb3 38.axb3 Qxc5 39.Qe3 Qxe3 40.Rxe3 Ra3 41.Rb1 b5 42.Kg1 Kg7 43.Kf2 Re7
44.b4 Ra2+ 45.Kg3 Rd2 46.h4 Rd4 47.f5 gxf5 48.Kf4 Rd2 49.Bh3 Rf7 50.h5 Rf2+
51.Kg3 f4+ 52.Kxf2 fxe3+ 53.Ke1 Rf3 54.Bg2 Rg3 55.Kf1 Rxg5 56.Re1  0-1

[Event "HUN-chT1 9596"]
[Site "HUN"]
[Date "1996.??.??"]
[Round "11"]
[White "Peter, Ambrus"]
[Black "Szilagyi, Peter"]
[Result "1-0"]
[WhiteElo "2335"]
[BlackElo "2400"]

1.d4 Nf6 2.c4 e6 3.Nf3 Bb4+ 4.Bd2 Qe7 5.g3 Nc6 6.Bg2 Bxd2+ 7.Nbxd2 d6 8.O-O O-O
9.e4 e5 10.d5 Nb8 11.Ne1 a5 12.Nd3 Na6 13.f4 Nb4 14.Nxb4 axb4 15.f5 c6 16.g4 h6
17.h4 g5 18.Rf3 Kg7 19.hxg5 hxg5 20.Qb3 b5 21.dxc6 bxc4 22.Nxc4 Qa7+ 23.Qe3 Qxe3+
24.Rxe3 Ra6 25.Rd1 Rxc6 26.b3 Ba6 27.Rxd6 Rxd6 28.Nxd6 Rd8 29.Nc4 Rd4 30.Nxe5 Rd1+
31.Kh2 Rd2 32.Kg3 Bb7 33.Bf3 Kf8 34.Nd3 Bxe4 35.Rxe4 Nxe4+ 36.Bxe4 Rxa2 37.Bd5 Rd2
38.Bc4 Ke7 39.Nxb4 f6 40.Nd5+ Kf7 41.b4 Rd4 42.Ne3+ Ke7 43.Bf1 Kd6 44.Nc4+ Kc6
45.b5+ Kxb5 46.Nd6+ Kc5 47.Ne8 Rb4 48.Nxf6 Rb3+ 49.Kf2 Kd4 50.Be2 Ke5 51.Nd7+ Kd6
52.Nf8 Ke5 53.Ne6 Kf6 54.Bf3 Ra3 55.Kg3 Rc3 56.Nd4 Ke5 57.Nc6+ Kf6 58.Nd4 Rd3
59.Ne2 Ke5 60.Ng1 Ra3 61.Nh3 Kf6 62.Nf2 Kg7 63.Ne4 Kh6 64.Kf2 Rb3 65.Be2 Rb2
66.Ke3 Ra2 67.Bc4 Ra1 68.f6 Re1+ 69.Kd4 Rg1 70.Be6 Rf1 71.Ke5 Re1 72.f7 Kg7
73.Kf5  1-0

[Event "HUN-chT1 9596"]
[Site "HUN"]
[Date "1996.??.??"]
[Round "13"]
[White "Farago, Ivan"]
[Black "Gyorkos, Lajos"]
[Result "1-0"]
[WhiteElo "2515"]
[BlackElo "2405"]

1.d4 Nf6 2.c4 e6 3.Nf3 Bb4+ 4.Bd2 Be7 5.Nc3 d5 6.Bg5 O-O 7.e3 h6 8.Bxf6 Bxf6
9.Qb3 c6 10.Rd1 Nd7 11.Bd3 a6 12.O-O dxc4 13.Qxc4 Qe7 14.Bc2 Rd8 15.Ne4 Nf8
16.Ne5 Bd7 17.f4 Be8 18.Ng4 Bh4 19.g3 f5 20.gxh4 fxg4 21.f5 Qxh4 22.fxe6 Rd5
23.Ng3 b5 24.Qb3 Qe7 25.e4 Rg5 26.Nf5 Rxf5 27.exf5 Nh7 28.Qg3 Nf6 29.Qe5 Rd8
30.Bb3 Kh7 31.Qc5 Qb7 32.Rfe1 Qb8 33.e7 Rd7 34.Qe5 Qa7 35.Re3 a5 36.Qc5 Qb8
37.Be6 Rb7 38.Rf1 Qc7 39.Qe5 Qb6 40.Qd6 Qa7 41.Rfe1 Kh8 42.Bf7 Rd7 43.Qe6 Rxd4
44.Bxe8 Nxe8 45.Qc8 Qd7 46.Qxd7 Rxd7 47.Rc1 Kg8 48.Rxc6 Rd2 49.Rb3 Rd5 50.a4 b4
51.Rb6 h5 52.h3 gxh3 53.Rb5 Rd2 54.f6 h2+ 55.Kh1 gxf6 56.Rxa5 Kf7 57.Rxh5 Kxe7
58.Rxb4 Nd6 59.Rxh2 Rd1+ 60.Kg2 Ke6 61.Kf3 Kd5 62.Rc2 f5 63.b3 Rf1+ 64.Ke2 Rh1
65.Rd2+ Ke5 66.Kf3 Rh3+ 67.Kg2 Rh7 68.a5 Ne4 69.Rd8 Kf4 70.a6 Rg7+ 71.Kf1 Ke3
72.Rb7 Rg3 73.a7 Rf3+ 74.Ke1 Rh3 75.Kd1 Rh1+ 76.Kc2 Rh2+ 77.Kc1  1-0

[Event "HUN-chT1 9697"]
[Site "Hungary"]
[Date "1996.??.??"]
[Round "2"]
[White "Halasz, Tamas"]
[Black "Horvath, Imre"]
[Result "1/2-1/2"]
[WhiteElo "2370"]
[BlackElo "2355"]

1.d4 Nf6 2.Nf3 e6 3.c4 Bb4+ 4.Bd2 c5 5.Bxb4 cxb4 6.g3 O-O 7.Bg2 d6 8.Qd3 Qc7
9.Nbd2 e5 10.O-O Nc6 11.d5 Nb8 12.a3 Na6 13.axb4 Nxb4 14.Qc3 a5 15.Ne1 Re8
16.Nd3 Nxd3 17.Qxd3 Nd7 18.Kh1 Nc5 19.Qc3 Bg4 20.e4 Qb6 21.h3 Bd7 22.b3 Qb4
23.Qe3 f6 24.h4 a4 25.bxa4 Rxa4 26.Rxa4 Qxa4 27.f4 Bg4 28.fxe5 Rxe5 29.Qf4 Be2
30.Rb1 Qa6 31.Bf1 Bxf1 32.Rxf1 Qa2 33.Nf3 Rxe4 34.Qxd6 Qxc4 35.Nd2 Qd3 36.Qxc5 Qxd2
37.Qc8+ Kf7 38.Qxb7+ Kg6 39.Qd7 Re5 40.Qg4+ Kf7 41.Qd7+ Kg6 42.Qg4+  1/2-1/2

[Event "HUN-chT1 9697"]
[Site "Hungary"]
[Date "1996.??.??"]
[Round "4"]
[White "Koczka, Zsolt"]
[Black "Anka, Emil"]
[Result "0-1"]
[WhiteElo "2280"]
[BlackElo "2405"]

1.d4 Nf6 2.c4 e6 3.Nf3 Bb4+ 4.Bd2 Qe7 5.e3 Bxd2+ 6.Qxd2 d6 7.Nc3 e5 8.dxe5 dxe5
9.e4 Bg4 10.Be2 Bxf3 11.Bxf3 Nc6 12.Nd5 Qd8 13.O-O O-O 14.Rfd1 h6 15.Qe3 Nd4
16.Rd2 c6 17.Nc3 Qa5 18.Rad1 Rad8 19.Rd3 Rd7 20.R1d2 Rfd8 21.Bd1 a6 22.h3 b5
23.cxb5 axb5 24.f4 b4 25.Na4 exf4 26.Qxf4 Ne6 27.Qe3 Rxd3 28.Rxd3 Rxd3 29.Qxd3 Ng5
30.Qd6 Nfxe4 31.Qxc6 b3 32.Qc8+ Kh7  0-1

[Event "HUN-chT1 9697"]
[Site "Hungary"]
[Date "1996.??.??"]
[Round "4"]
[White "Soponyai, Tamas"]
[Black "Horvath, Istvan"]
[Result "1/2-1/2"]
[WhiteElo "2095"]
[BlackElo "2225"]

1.d4 Nf6 2.c4 e6 3.Nf3 Bb4+ 4.Bd2 c5 5.e3 O-O 6.Bd3 Nc6 7.O-O d5 8.cxd5 exd5
9.Bxb4 cxb4 10.Nbd2 Re8 11.Rc1 Bd7 12.Nb3 b6 13.Ba6 Rb8 14.Bb5 Rc8 15.Rc2 Qe7
16.Ba6 Rb8 17.Bb5 Qd6 18.Qc1 Rbc8 19.Ba6 Rb8 20.Bb5 Rbc8 21.Ba6 Rb8  1/2-1/2

[Event "HUN-chT1 9697"]
[Site "Hungary"]
[Date "1996.??.??"]
[Round "5"]
[White "Hradeczky, Tamas"]
[Black "Horvath, Sandor"]
[Result "1/2-1/2"]
[WhiteElo "2245"]
[BlackElo "2295"]

1.d4 Nf6 2.Nf3 e6 3.c4 Bb4+ 4.Bd2 Qe7 5.Nc3 O-O 6.g3 b6 7.Bg2 Bb7 8.O-O Bxc3
9.Bxc3 Ne4 10.Rc1 d6 11.d5 c5 12.Nh4 Nxc3 13.Rxc3 e5 14.e4 Bc8 15.Qh5  1/2-1/2

[Event "Imperia op"]
[Site "Imperia"]
[Date "1996.??.??"]
[Round "5"]
[White "Dinser, Hans"]
[Black "Malano, Francesco"]
[Result "0-1"]
[WhiteElo "2165"]
[BlackElo "2080"]

1.d4 Nf6 2.c4 e6 3.Nf3 Bb4+ 4.Bd2 Qe7 5.a3 Bxd2+ 6.Nbxd2 a5 7.e3 d6 8.Be2 O-O
9.O-O e5 10.dxe5 dxe5 11.e4 Rd8 12.Qc2 Bg4 13.h3 Bxf3 14.Bxf3 Nc6 15.Rad1 Nd4
16.Qc3 Ra6 17.Rfe1 a4 18.Nf1 Rb6 19.Nh2 Nd7 20.Bg4 Nc5 21.Re3 Rbd6 22.Rde1 g6
23.Rg3 Kh8 24.Bd1 h5 25.Qe3 Kh7 26.Nf3 Nxf3+ 27.Bxf3 Nd3 28.Rb1 b6 29.Be2 Nf4
30.b4 axb3 31.Rxb3 Rd2 32.Bf3 R2d3 33.Rxd3 Rxd3 34.Qc1 Rxf3 35.Qb2 Rxg3 36.fxg3 Qc5+
37.Kh2 Ne6 38.Qd2 Qd4 39.Qe2 Nc5 40.Qf3 Kg7  0-1

[Event "ISR-chT"]
[Site "Israel"]
[Date "1996.??.??"]
[Round "3"]
[White "Gofshtein, Leonid D"]
[Black "Finkel, Alexander"]
[Result "0-1"]
[WhiteElo "2540"]
[BlackElo "2500"]

1.d4 Nf6 2.c4 e6 3.Nf3 Bb4+ 4.Bd2 Qe7 5.g3 Nc6 6.Nc3 O-O 7.Bg2 Bxc3 8.Bxc3 Ne4
9.Rc1 d6 10.d5 Nd8 11.Nd2 Nxc3 12.Rxc3 e5 13.c5 Bg4 14.Qa4 f5 15.cxd6 cxd6
16.e3 f4 17.O-O b5 18.Qe4 Bf5 19.Qb4 Qd7 20.Rfc1 a5 21.Qb3 fxe3 22.Rxe3 Nb7
23.Bf1 b4 24.Nc4 Qd8 25.a3 Nc5 26.Qd1 b3 27.Rcc3 Ne4 28.Rxb3 Nxf2 29.Qe1 Nh3+
30.Kh1 Bg4 31.Nd2 Rc8 32.Be2 a4 33.Rb4 Bxe2 34.Rxe2 Qa5 35.Kg2 Ng5 36.Ne4 Qxd5
37.Qd2 Qf7 38.Rf2 Nxe4 39.Rxe4 Qb7 40.Rxf8+ Rxf8 41.Qb4 Qf7 42.Qe1 Qf3+ 43.Kg1 Rc8
44.Re2 h6 45.Rd2 Rc6 46.Rf2 Qd3 47.Rd2 Qc4 48.Kg2 Rb6 49.Qd1 Qe4+ 50.Kh3 Qf5+
51.Kg2 Rb3 52.Qe2 e4 53.Rxd6 Qe5 54.Rd2 Kh7 55.Rc2 e3 56.g4 Qe4+ 57.Kg3 Rd3
58.Rc5 Qd4 59.g5 Qd6+ 60.Kf3 Rd2 61.Qc4 Rf2+  0-1

[Event "JUG-ch sf"]
[Site "Kladovo"]
[Date "1996.??.??"]
[Round "?"]
[White "Abramovic, Bosko"]
[Black "Vukanovic, Sasa"]
[Result "1-0"]
[WhiteElo "2490"]
[BlackElo "2360"]

1.d4 Nf6 2.Nf3 e6 3.c4 Bb4+ 4.Bd2 c5 5.Bxb4 cxb4 6.g3 O-O 7.Bg2 d6 8.Nbd2 Qc7
9.Qb3 a5 10.Nf1 Nc6 11.Ne3 Qb6 12.Rd1 Re8 13.O-O h6 14.Rfe1 a4 15.Qd3 e5
16.Nd5 Nxd5 17.cxd5 Na5 18.dxe5 dxe5 19.Nd2 Bd7 20.Rc1 Rac8 21.e3 f5 22.e4 b3
23.axb3 fxe4 24.Bxe4 Nxb3 25.Nxb3 axb3 26.h4 Rf8 27.Qe3 Qb4 28.Bd3 b5 29.Rxc8 Bxc8
30.Qxe5 Qd2 31.Qe2 Qb4 32.Qe4 Qd2 33.Qh7+ Kf7 34.Re4  1-0

[Event "Klatovy op"]
[Site "Klatovy"]
[Date "1996.??.??"]
[Round "?"]
[White "Vacovska, Veronika"]
[Black "Kucera, Petr"]
[Result "1/2-1/2"]
[WhiteElo "2100"]
[BlackElo "2325"]

1.d4 e6 2.c4 Nf6 3.Nf3 Bb4+ 4.Bd2 Qe7 5.e3 O-O 6.g3 Bxd2+ 7.Nfxd2 c5 8.dxc5 Qxc5
9.Bg2 d5 10.cxd5 Nxd5 11.O-O Rd8 12.Nb3 Qe7 13.Qe2 b6 14.Rc1 Ba6 15.Qg4 Bb7
16.Nc3 Nd7 17.Nxd5 Bxd5 18.Bxd5 Nf6 19.Qa4 Rxd5 20.Nd4 e5 21.Nf3 Rad8 22.Rc3 b5
23.Qc2 e4 24.Nd4 Qd7 25.Kg2 Rh5 26.h4 g5 27.Rc7 Qg4 28.Qd1 gxh4 29.Qxg4+ Nxg4
30.gxh4 a5 31.Rac1 Nf6 32.Ra7 b4 33.Rcc7 Rf8 34.Kg3 Re5 35.Kf4 Rh5 36.Kg3 Re5  1/2-1/2

[Event "Klatovy op"]
[Site "Klatovy"]
[Date "1996.??.??"]
[Round "?"]
[White "Kozak, Milos"]
[Black "Stluka, Petr"]
[Result "1/2-1/2"]
[WhiteElo "2285"]
[BlackElo "2295"]

1.d4 Nf6 2.c4 e6 3.Nf3 Bb4+ 4.Bd2 Qe7 5.g3 O-O 6.Bg2 Bxd2+ 7.Qxd2 d6 8.Nc3 e5
9.O-O Re8 10.e4 Bg4 11.d5 Bxf3 12.Bxf3 Nbd7 13.b4 Red8 14.Qe3  1/2-1/2

[Event "La Coruna op"]
[Site "La Coruna"]
[Date "1996.??.??"]
[Round "?"]
[White "Brito, Alfredo"]
[Black "Damljanovic, Branko"]
[Result "1/2-1/2"]
[WhiteElo "2395"]
[BlackElo "2470"]

1.d4 Nf6 2.c4 e6 3.Nf3 Bb4+ 4.Bd2 Qe7 5.Qc2 Bxd2+ 6.Nbxd2 d6 7.e3 Nbd7 8.Bd3 c5
9.O-O b6 10.Rad1 Bb7 11.Ne4 Bxe4 12.Bxe4 Rc8 13.Bb7 Rc7 14.Ba6 O-O 15.Bb5 Nb8
16.Qd3 Rd8 17.e4 cxd4 18.Qxd4 Rcc8 19.Rd2 e5 20.Qd3 g6 21.Re2 Nh5 22.g3 Ng7
23.Qa3 Rc5 24.b4 Rc7 25.Qd3 Ne6 26.Rd1 Kg7 27.Kg2 Rcc8 28.Red2 Qc7 29.Qe3 h6
30.h4 Nc6 31.Bxc6 Qxc6 32.a3 Qb7 33.Rxd6 Rxd6 34.Rxd6 Rxc4 35.Rd5 f6 36.Qd3 Rc7
37.Rd6 Re7 38.Qc4 Qc7 39.Rc6 Qd7 40.Rc8 h5 41.Qc6 Qxc6 42.Rxc6 Kf7 43.Kf1 Rc7
44.Rxc7+ Nxc7 45.Ne1 Nb5 46.Nc2 Nd6 47.f3 f5 48.exf5 gxf5 49.Ke2 Ke6 50.Kd3 b5
51.Kc3 a6 52.Ne3 f4 53.gxf4 exf4 54.Nc2 Kd5 55.Ne1 Nf5 56.Nd3  1/2-1/2

[Event "CUB-ch"]
[Site "Las Tunas"]
[Date "1996.??.??"]
[Round "7"]
[White "Vera, Reynaldo"]
[Black "Nogueiras, Jesus"]
[Result "1/2-1/2"]
[WhiteElo "2505"]
[BlackElo "2535"]

1.d4 Nf6 2.Nf3 e6 3.c4 Bb4+ 4.Bd2 Qe7 5.g3 O-O 6.Bg2 Bxd2+ 7.Nbxd2 d6 8.O-O e5
9.e4 Nc6 10.d5 Nb8  1/2-1/2

[Event "Leiner op"]
[Site "Leiner"]
[Date "1996.??.??"]
[Round "7"]
[White "Horvath, Gyula"]
[Black "Stanec, Nikolaus"]
[Result "1/2-1/2"]
[WhiteElo "2445"]
[BlackElo "2490"]

1.d4 Nf6 2.c4 e6 3.Nf3 Bb4+ 4.Bd2 Qe7 5.g3 O-O 6.Bg2 Bxd2+ 7.Qxd2 d6 8.Nc3 e5
9.O-O c6 10.e4 Na6 11.h3 Re8 12.Rfe1 Qc7 13.Rad1 Be6  1/2-1/2

[Event "VfB op 3rd"]
[Site "Leipzig"]
[Date "1996.??.??"]
[Round "9"]
[White "Spiess, Gunter"]
[Black "Ksieski, Zbigniew"]
[Result "1/2-1/2"]
[WhiteElo "2415"]
[BlackElo "2400"]

1.d4 Nf6 2.Nf3 e6 3.c4 Bb4+ 4.Bd2 a5 5.a3 Bxd2+ 6.Qxd2 O-O 7.Nc3 d6 8.e3 Qe7
9.Be2 e5 10.Qc2 e4 11.Nd2 Re8 12.O-O-O c5 13.d5 Na6 14.Rhg1 h5 15.h3 h4 16.g3 hxg3
17.Rxg3 Bf5 18.Rdg1 g6 19.h4 Qe5 20.Rg5 Kf8 21.h5 Nc7  1/2-1/2

[Event "Wch U26"]
[Site "Leon"]
[Date "1996.??.??"]
[Round "1"]
[White "Nordahl, Helge"]
[Black "Gasimov, Ragim"]
[Result "0-1"]
[WhiteElo "2255"]
[BlackElo "2415"]

1.d4 Nf6 2.c4 e6 3.Nf3 Bb4+ 4.Bd2 Qe7 5.g3 Nc6 6.Bg2 Bxd2+ 7.Nbxd2 d6 8.O-O O-O
9.e4 e5 10.d5 Nb8 11.Ne1 a5 12.Nd3 Na6 13.a3 c6 14.Nb1 cxd5 15.cxd5 Bg4 16.f3 Bd7
17.Nc3 Rfc8 18.f4 b5 19.Qf3 b4 20.axb4 axb4 21.fxe5 dxe5 22.d6 Qxd6 23.Nd5 Bb5
24.Bh3 Rf8 25.Rfd1 Nxd5 26.exd5 f5 27.Bxf5 Bd7 28.Bxh7+ Kxh7 29.Qh5+ Kg8
30.Qxe5 Qb6+ 31.Kh1 Rae8 32.Qh5 Bf5 33.h4 Be4+  0-1

[Event "Wch U26"]
[Site "Leon"]
[Date "1996.??.??"]
[Round "5"]
[White "Nordahl, Helge"]
[Black "Masserey, Yvan"]
[Result "1/2-1/2"]
[WhiteElo "2255"]
[BlackElo "2305"]

1.d4 Nf6 2.c4 e6 3.Nf3 Bb4+ 4.Bd2 Qe7 5.g3 Nc6 6.Bg2 Bxd2+ 7.Nbxd2 d6 8.O-O O-O
9.e4 e5 10.d5 Nb8 11.Ne1 a5 12.Nd3 Na6 13.Rc1 c6 14.f4 Ng4 15.Qe2 f6 16.c5 Nxc5
17.Nxc5 dxc5 18.f5 Nh6 19.dxc6 b6 20.Qb5 Qd6 21.Rfd1 Qd4+ 22.Kh1 Ng4 23.Qc4+ Rf7
24.Qxd4 exd4 25.Nc4 Nf2+ 26.Kg1 Nxd1 27.Rxd1 b5 28.Nd6 Re7 29.Rc1 Re5 30.Bf1 Kf8
31.Nxb5 Ra6 32.c7 Ke7 33.Nxd4 Rb6 34.Nb3 a4 35.Nd2 Rb4 36.a3 Rb7 37.Nc4 Rxe4
38.Bg2 Rxc4 39.Rxc4 Rxc7 40.Rxa4 Bxf5 41.Be4 Bd7 42.Rc4 f5 43.Bf3 Be6 44.Rc3 Kd6
45.Kf2 Rc8  1/2-1/2

[Event "Wch U26"]
[Site "Leon"]
[Date "1996.??.??"]
[Round "6"]
[White "Cacho Reigadas, Sergio"]
[Black "Maherramzade, Javad"]
[Result "1-0"]
[WhiteElo "2410"]
[BlackElo "2415"]

1.d4 Nf6 2.c4 e6 3.Nf3 Bb4+ 4.Bd2 Qe7 5.g3 Nc6 6.Bg2 Bxd2+ 7.Nbxd2 d6 8.Nf1 e5
9.Ne3 O-O 10.O-O a5 11.Rc1 Nb4 12.a3 Na6 13.Qc2 Re8 14.dxe5 dxe5 15.Nd5 Nxd5
16.cxd5 Bg4 17.Qc4 Bf5 18.Nh4 Bd7 19.d6 cxd6 20.Bxb7 Be6 21.Qc6 Bd7 22.Qc4 Be6
23.Qc6 Bd7 24.Qf3 Ra7 25.Bxa6 Rxa6 26.Rc7 Rb6 27.Nf5  1-0

[Event "Wch U26"]
[Site "Leon"]
[Date "1996.??.??"]
[Round "8"]
[White "Cacho Reigadas, Sergio"]
[Black "Gasimov, Ragim"]
[Result "1-0"]
[WhiteElo "2410"]
[BlackElo "2415"]

1.d4 Nf6 2.c4 e6 3.Nf3 Bb4+ 4.Bd2 Qe7 5.g3 Nc6 6.Nc3 Bxc3 7.Bxc3 Ne4 8.Rc1 d6
9.d5 Nxc3 10.Rxc3 Nb8 11.dxe6 fxe6 12.Bg2 O-O 13.O-O a5 14.Nd2 Nc6 15.Ne4 Bd7
16.f4 h6 17.g4 Rad8 18.Rg3 d5 19.cxd5 exd5 20.Qxd5+ Be6 21.Qc5 Bxa2 22.Ra3 Qxc5+
23.Nxc5 Bd5 24.Nxb7 Bxg2 25.Kxg2 Rd2 26.Rf2 Rxb2 27.Nxa5 Nxa5 28.Rxa5 Re8
29.Re5 Rxe5 30.fxe5 Rb5 31.Rf5 g6 32.Rf6 Rxe5 33.Kf3 h5 34.Rxg6+ Kf7 35.gxh5 Rxh5
36.Rg2 Ke6 37.Kg4 Rh8 38.h4 c5 39.Rh2 c4 40.Kf4 Kd5 41.Ke3 Rh5 42.Kd2 Kd4
43.Rh3 Kc5 44.Kc3 Re5 45.Kd2 Rd5+ 46.Kc2 Rh5 47.Rh1 Kd4 48.Rh2 Kd5 49.Kd2 Kd4
50.Kc1 Ke4 51.Rh3 Kd4 52.Kd2 Kc5 53.Kc2 Kd4 54.e3+ Kc5 55.Kc3 Kd5 56.Kb4 Rh8
57.h5 Rh6 58.Kc3 Kc5 59.e4 Rb6 60.Rh4 Rh6 61.Rh1 Kb5 62.Kd4 Rd6+ 63.Ke5 Rd8
64.h6 c3 65.h7 c2 66.Rc1 Rh8 67.Rxc2 Rxh7 68.Kd6 Rh6+ 69.Kd5 Kb6 70.e5  1-0